Obras escogidas de Luis Reyes García / (Record no. 155066)
[ view plain ]
| 000 -LEADER | |
|---|---|
| fixed length control field | nam a22 7a 4500 |
| 005 - DATE AND TIME OF LATEST TRANSACTION | |
| control field | 20200831133300.0 |
| 008 - FIXED-LENGTH DATA ELEMENTS--GENERAL INFORMATION | |
| fixed length control field | 200831b mx ||||| |||| 00| 0 spa d |
| 020 ## - INTERNATIONAL STANDARD BOOK NUMBER | |
| International Standard Book Number | 9786074865028 (tomo 1) |
| 020 ## - INTERNATIONAL STANDARD BOOK NUMBER | |
| International Standard Book Number | 9786074865035 (tomo 2) |
| 020 ## - INTERNATIONAL STANDARD BOOK NUMBER | |
| International Standard Book Number | 9786074865011 (obra completa) |
| 050 04 - LIBRARY OF CONGRESS CALL NUMBER | |
| Classification number | F1220 |
| Item number | R49 2018 |
| 100 1# - MAIN ENTRY--PERSONAL NAME | |
| Personal name | Reyes García, Luis |
| 245 10 - TITLE STATEMENT | |
| Title | Obras escogidas de Luis Reyes García / |
| Statement of responsibility, etc | Luis Reyes García ; introducción, Teresa Rojas Rabiela ; presentación, Hildeberto Martínez Martínez |
| 250 ## - EDITION STATEMENT | |
| Edition statement | 1a ed. |
| 260 ## - PUBLICATION, DISTRIBUTION, ETC. (IMPRINT) | |
| Place of publication, distribution, etc | Ciudad de México : |
| Name of publisher, distributor, etc | Centro de Investigaciones y estudios superiores de antropología social, |
| Date of publication, distribution, etc | 2018 |
| 300 ## - PHYSICAL DESCRIPTION | |
| Extent | 2 volúmenes : |
| Other physical details | ilustraciones, mapas, fotografías |
| 490 0# - SERIES STATEMENT | |
| Series statement | Publicaciones de la Casa Chata |
| 505 0# - FORMATTED CONTENTS NOTE | |
| Miscellaneous information | Tomo 1 : |
| Title | Los diarios de campo en el municipio de Zongolica, Veracruz, 1961 y 1962 |
| Miscellaneous information | Tomo 2 : |
| Title | Archivos de las Fiscalías de Tlaxcala |
| 650 #7 - SUBJECT ADDED ENTRY--TOPICAL TERM | |
| Source of heading or term | lemb |
| Topical term or geographic name as entry element | Etnología |
| Geographic subdivision | México |
| 700 1# - ADDED ENTRY--PERSONAL NAME | |
| Personal name | Rojas Rabiela, Teresa, |
| Relator term | prologuista |
| 700 1# - ADDED ENTRY--PERSONAL NAME | |
| Personal name | Martínez Martínez, Hildeberto, |
| Relator term | presentación |
| 942 ## - ADDED ENTRY ELEMENTS (KOHA) | |
| Source of classification or shelving scheme | Biblioteca del Cogreso de los Estados Unidos |
| Koha item type | Libro |
| Estado de pérdida | Fuente de clasificación | Estado del daño | No para préstamo | Ubicación permanente | Ubicación actual | Apartado o colección | Fecha de adquisición | Área del conocimiento | Clasificación | Código de Barras | Date last seen | Número de copia | Costo por reposición | Tipo de recurso |
|---|---|---|---|---|---|---|---|---|---|---|---|---|---|---|
| Biblioteca del Cogreso de los Estados Unidos | Biblioteca del Instituto de Investigaciones Históricas | Biblioteca del Instituto de Investigaciones Históricas | General | 31/08/2020 | Ciencias Sociales y Administrativas | F1220 R49 2018 T:1 | IIH000030123 | 31/08/2020 | C:1 | 1.00 | Libro | |||
| Biblioteca del Cogreso de los Estados Unidos | Biblioteca del Instituto de Investigaciones Históricas | Biblioteca del Instituto de Investigaciones Históricas | General | 31/08/2020 | Ciencias Sociales y Administrativas | F1220 R49 2018 T:2 | IIH000030124 | 31/08/2020 | C:1 | 1.00 | Libro |